| 000 | 00926nam a2200289Ia 4500 | ||
|---|---|---|---|
| 001 | Z_2149 | ||
| 003 | CHAP | ||
| 008 | 220113s1995 xx 000 0 und d | ||
| 010 | _a163574 | ||
| 040 | _cCHAP | ||
| 090 | _aTesis G 1016 | ||
| 100 |
_aGarcía García, Aníbal _946018 |
||
| 245 |
_aAnálisis bromatológico y digestibilidad in situ en forrajes cultivados y nativos de agostadero del sur de Sinaloa / _cpor Aníbal García García y Eduardo Raúl García Rivera |
||
| 260 |
_aChapingo, Méx. : _bEl autor, _c1995 |
||
| 300 | _a64 h. | ||
| 502 | _aTesis (Ing. Agr. Esp. en Zootecnia) -- UACH. Departamento de Zootecnia | ||
| 650 | 7 |
_aForrajes _xDigestibilidad _2 _942568 |
|
| 650 |
_aForrajes _xSinaloa _942595 |
||
| 650 | _aNutrición animal | ||
| 700 |
_aGarcía Rivera, Eduardo Raúl _9137734 |
||
| 901 | _aTESIS G 1016 | ||
| 902 | _aM | ||
| 910 | _a1995 | ||
| 942 | _c2 | ||
| 942 | _c2 | ||
| 999 |
_c163574 _d163574 |
||